01189nam a2200313Ia 450000500170000000800410001702000180005810000210007624501480009725000180024530000580026353400480032165000400036965000440040965000350045365000350048865000440052370000380056770000380060570000370064394200150068026400310069533600270072633700330075333800280078604000350081408400110084999900150086020220317001543.0161108s2013 sp a g 000 f s  a97884155792291 aGreenwald, Tommy13aLa guía de Charlie Joe Jackson para subir notacTommy Greenwald ; ilustraciones de J.P. Coovert ; traducción Merc{8A} Diago y Abel Debritto a1a. edición a277 páginasbilustraciones en blanco y negroc21 cm tCharlie Joe Jackson's guide to extra credit142LEMBaNovela juvenil estadounidense142LEMBaLiteratura juvenil estadounidense142LEMBaEscuela en la literatura142LEMBaNiños en la literatura142LEMBaTareas escolares en la literatura1 aCoovert, J. P.eilustrador9756791 aDiago, Mercéetraductora9756801 aDebritto, Abeletraductor975681 2loccBKLIT aBarcelonabB de Blokc2013 atextobtxt2rdacontent asin mediaciónbn2rdamedia avolumenbnc2rdacarrier aCO-BoRNBPbspaerdacCO-BoRNBP aN GRE7 c7347d7347